000 00557nam a2200181 i 4500
001 45220
003 ES-MaACL
005 20230906161201.0
007 t|
008 030325s1970 sp f |||| | spa d
100 1 _aCobos, Pablo de A.
_939367
245 1 0 _aHumorismo de Antonio Machado en sus apócrifos /
_cPablo de A. Cobos.
260 _aMadrid :
_bAncosa,
_c[1970]
300 _a180 p., 6 lám. ;
_c22 cm.
600 1 4 _aMachado, Antonio,
_d1875-1939-
_xCrítica e interpretación
_975154
852 _aES-MaACL
_jC-38638
999 _c45220
_d45220